Mamíferos comunes de España - Estadísticas

Estadísticas generales
  • Esta prueba ha sido intentada 183 veces
  • La puntuación promedio es 12 de 16
Estadísticas de respuestas
Imagen Respuesta % Correcto
Lobo
100%
Zorro común
100%
Conejo europeo
99%
Ardilla común
98%
Cabra montés
98%
Jabalí
96%
Liebre ibérica
94%
Ciervo rojo
93%
Nutria europea
92%
Ratón de campo
89%
Erizo común
88%
Tejón europeo
63%
Corzo común
52%
Marmota alpina
43%
Rebeco pirenaico
18%
Garduña
10%
No se encontraron pruebas coincidentes
Distribución de puntuación
Porcentaje de gente con cada puntuación
Porcentaje por número respondido
Historial de tus puntuaciones
No has intentado esta prueba.